El Portugal del 25 de abril / (Registro nro. 22545)
[ vista simple ]
| 000 -CABECERA | |
|---|---|
| campo de control de longitud fija | 00667nam a2200217 a 4500 |
| 001 - NÚMERO DE CONTROL | |
| campo de control | 000023048 |
| 005 - FECHA Y HORA DE LA ÚLTIMA TRANSACCIÓN | |
| campo de control | 20200930021944.0 |
| 008 - DATOS DE LONGITUD FIJA--INFORMACIÓN GENERAL | |
| campo de control de longitud fija | 101125s1977 sp r 000 | spa d |
| 020 ## - NÚMERO INTERNACIONAL ESTÁNDAR DEL LIBRO | |
| Número Internacional Estándar del Libro | 8432503681 |
| 040 ## - FUENTE DE LA CATALOGACIÓN | |
| Centro catalogador/agencia de origen | DO-SdBNP |
| Lengua de catalogación | spa |
| Centro/agencia transcriptor | BNPHU |
| 082 ## - NÚMERO DE LA CLASIFICACIÓN DECIMAL DEWEY | |
| Número de clasificación | xxx |
| Número de documento/Ítem | D861 |
| 049 ## - FONDOS LOCALES (OCLC) | |
| Fondos de biblioteca | BNGR |
| 100 1# - ENTRADA PRINCIPAL--NOMBRE DE PERSONA | |
| Nombre de persona | Dufour, Jean-Marc |
| 9 (RLIN) | 47428 |
| 245 13 - MENCIÓN DE TÍTULO | |
| Título | El Portugal del 25 de abril / |
| Mención de responsabilidad, etc. | Jean-Marc Dufour; traducción del francés Miguel Costa. |
| 260 ## - PUBLICACIÓN, DISTRIBUCIÓN, ETC. | |
| Lugar de publicación, distribución, etc. | Madrid : |
| Nombre del editor, distribuidor, etc. | DONCEL,. |
| 300 ## - DESCRIPCIÓN FÍSICA | |
| Extensión | 326 p. ; |
| Dimensiones | 18 cm. |
| 490 ## - MENCIÓN DE SERIE | |
| Mención de serie | El Libro de Bolsillo; |
| Designación de volumen o secuencia | 115 |
| 500 ## - NOTA GENERAL | |
| Nota general | Incluye liota de obras publicadas |
| 700 1# - PUNTO DE ACCESO ADICIONAL--NOMBRE DE PERSONA | |
| Nombre de persona | Costa, Miguel |
| Término indicativo de función/relación | tr. |
| 9 (RLIN) | 47429 |
| 830 #3 - PUNTO DE ACCESO ADICIONAL DE SERIE-TÍTULO UNIFORME | |
| Título uniforme | El Libro de Bolsillo; |
| Designación de volumen o secuencia | 115 |
| 9 (RLIN) | 4072 |
| Estado de retiro | Estado de pérdida | Restricciones de uso | No para préstamo | Código de colección | Localización permanente | Ubicación/localización actual | Ubicación en estantería | Fecha de adquisición | Número de inventario | Total de préstamos | Signatura topográfica completa | Código de barras | Fecha visto por última vez | Precio válido a partir de | Tipo de ítem Koha | Número de copia |
|---|---|---|---|---|---|---|---|---|---|---|---|---|---|---|---|---|
| Excluido de préstamo | Monografías: Libros y Folletos | General | General | En catalogación | 25.11.2010 | LF1 | xxx D861 | 23048-10 | 25.06.2020 | 25.06.2020 | No se presta | |||||
| Préstamo restrigido | Monografías: Libros y Folletos | General | General | En catalogación | 21.12.2010 | LF1 | xxx D861 | 23048-20 | 25.06.2020 | 25.06.2020 | Préstamo en sala | e.2 |
